<?xml version="1.0" encoding="UTF-8"?>
<record
    xmlns:xsi="http://www.w3.org/2001/XMLSchema-instance"
    xsi:schemaLocation="http://www.loc.gov/MARC21/slim http://www.loc.gov/standards/marcxml/schema/MARC21slim.xsd"
    xmlns="http://www.loc.gov/MARC21/slim">

  <leader>00416nam a2200133   4500</leader>
  <datafield tag="082" ind1=" " ind2=" ">
    <subfield code="a">338.763820954162</subfield>
    <subfield code="b">DAS</subfield>
  </datafield>
  <datafield tag="100" ind1=" " ind2=" ">
    <subfield code="a">Das, Manjit</subfield>
  </datafield>
  <datafield tag="245" ind1=" " ind2=" ">
    <subfield code="a">Problems and prospects of ericulture in Assam with special reference to Barpeta District</subfield>
  </datafield>
  <datafield tag="260" ind1=" " ind2=" ">
    <subfield code="a">Shillong</subfield>
    <subfield code="b">Department of Economics, NEHU</subfield>
    <subfield code="c">2007</subfield>
  </datafield>
  <datafield tag="300" ind1=" " ind2=" ">
    <subfield code="a">xi, 223p.:ill.,maps.;28cm.</subfield>
  </datafield>
  <datafield tag="502" ind1=" " ind2=" ">
    <subfield code="b">Ph.D</subfield>
  </datafield>
  <datafield tag="700" ind1=" " ind2=" ">
    <subfield code="a">De, U. K., Supervisor/Guide</subfield>
  </datafield>
  <datafield tag="942" ind1=" " ind2=" ">
    <subfield code="2">ddc</subfield>
  </datafield>
  <datafield tag="952" ind1=" " ind2=" ">
    <subfield code="0">0</subfield>
    <subfield code="1">0</subfield>
    <subfield code="2">ddc</subfield>
    <subfield code="4">0</subfield>
    <subfield code="7">0</subfield>
    <subfield code="8">TDCD</subfield>
    <subfield code="a">NEHU</subfield>
    <subfield code="b">NEHU</subfield>
    <subfield code="c">DS</subfield>
    <subfield code="d">2011-11-25</subfield>
    <subfield code="l">0</subfield>
    <subfield code="o">338.763820954162 DAS</subfield>
    <subfield code="p">103883</subfield>
    <subfield code="r">2011-11-25 00:00:00</subfield>
    <subfield code="w">2011-11-25</subfield>
    <subfield code="y">THES</subfield>
  </datafield>
  <datafield tag="999" ind1=" " ind2=" ">
    <subfield code="c">86439</subfield>
    <subfield code="d">86439</subfield>
  </datafield>
</record>
